| 000 | 00741nam a2200229Ia 4500 | ||
|---|---|---|---|
| 003 | GCL | ||
| 008 | 140319s9999 xx 000 0 ara d | ||
| 040 |
_aGCL / _cGCL |
||
| 082 | 0 | 4 |
_aد _b050 _bدهـ |
| 245 | 1 | 0 | _aمحمد على باشا رؤية جديدة (الهلال اكتوبر 1998) |
| 260 |
_aالقاهرة : _bدار الهلال للطباعة والنشر ، _c1998 |
||
| 650 | 0 | 4 | _aالعلم |
| 650 | 0 | 4 | _aالمرأة |
| 650 | 0 | 4 | _aالمسرحية |
| 650 | 0 | 4 | _aالمسرح التجريبى |
| 650 | 0 | 4 | _aعمر مكرم |
| 650 | 0 | 4 | _aجمال عبدالناصر |
| 650 | 0 | 4 | _aالسينما - العربية |
| 650 | 0 | 4 | _aمحمد على الكبير |
| 650 | 0 | 4 | _aالتعليم - تطوير |
| 942 |
_2ddc _cCR |
||
| 999 |
_c6757 _d6757 |
||